[Event "Madrid ch Veteranos 2010"]
[Site "Madrid ESP"]
[Date "2010.02.17"]
[Round "8.16"]
[White "Poblador Dieguez, Alfredo"]
[Black "Olano Lanchas, Dionisio"]
[Result "1-0"]
[WhiteElo "1673"]
[BlackElo "1822"]
[PlyCount "83"]
[EventDate "2010.02.08"]
[EventType "swiss"]
[EventRounds "9"]
[EventCountry "ESP"]
[Source "lmi"]
[SourceDate "2010.02.08"]

1. d4 d5 2. c4 e6 3. Nc3 f5 4. e3 Nf6 5. Bd3 c6 6. Nf3 Bd6 7. O-O O-O 8. Bd2 a6
9. c5 Bc7 10. Na4 Nbd7 11. Ng5 Qe8 12. f4 h6 13. Nf3 Qh5 14. Be2 Qe8 15. Qe1
Qd8 16. Nc3 Ba5 17. Bd3 b5 18. Nxd5 Bxd2 19. Nxf6+ Qxf6 20. Qxd2 a5 21. b4 axb4
22. Qxb4 Ra4 23. Qc3 Rd8 24. Bc2 Ra7 25. a4 bxa4 26. Rxa4 Rxa4 27. Bxa4 Bb7 28.
Rb1 Ba8 29. Qa5 g5 30. Ne5 Nxe5 31. fxe5 Qe7 32. Rb6 f4 33. Qc3 fxe3 34. Qxe3
Qd7 35. Qe4 Qxd4+ 36. Qxd4 Rxd4 37. Rb8+ Kf7 38. Rxa8 Rd5 39. Ra5 Rxe5 40. Bxc6
Re2 41. Ra7+ Kf6 42. Bd7 1-0

[Event "Madrid ch Veteranos 2010"]
[Site "Madrid ESP"]
[Date "2010.02.17"]
[Round "8.17"]
[White "Diaz Begonte, Manuel"]
[Black "Martinez Miura, Enrique"]
[Result "1/2-1/2"]
[WhiteElo "1820"]
[BlackElo "1724"]
[PlyCount "88"]
[EventDate "2010.02.08"]
[EventType "swiss"]
[EventRounds "9"]
[EventCountry "ESP"]
[Source "lmi"]
[SourceDate "2010.02.08"]

1. e4 e6 2. d4 d5 3. exd5 exd5 4. Nf3 Bd6 5. c4 c6 6. c5 Bc7 7. Bd3 Ne7 8. O-O
O-O 9. Bg5 f6 10. Bh4 Bf5 11. Nc3 Bxd3 12. Qxd3 Ng6 13. Bg3 Bxg3 14. hxg3 Na6
15. a3 Qd7 16. Rfe1 Rfe8 17. b4 Rxe1+ 18. Rxe1 Re8 19. Rxe8+ Qxe8 20. Qf5 Nc7
21. Kf1 Qe6 22. Qxe6+ Nxe6 23. Ke2 Ne7 24. Kd3 g5 25. Ne2 h5 26. a4 a6 27. Nd2
Kf7 28. Nb3 Nd8 29. Nc3 Ke6 30. b5 axb5 31. axb5 Kd7 32. b6 Ke6 33. Nd1 Nf5 34.
Ne3 Nxe3 35. Kxe3 f5 36. f3 Kf6 37. Nc1 Ne6 38. Nd3 Kg7 39. Ne5 Nd8 40. Kf2 Kh6
41. g4 hxg4 42. fxg4 f4 43. g3 fxg3+ 44. Kxg3 Kg7 1/2-1/2

[Event "Madrid ch Veteranos 2010"]
[Site "Madrid ESP"]
[Date "2010.02.17"]
[Round "8.18"]
[White "Hernandez Del Can, Jose"]
[Black "Fernandez- Bujarrabal, Pedro"]
[Result "1-0"]
[WhiteElo "1820"]
[BlackElo "1804"]
[PlyCount "85"]
[EventDate "2010.02.08"]
[EventType "swiss"]
[EventRounds "9"]
[EventCountry "ESP"]
[Source "lmi"]
[SourceDate "2010.02.08"]

1. c4 e5 2. Nc3 Nf6 3. Nf3 Nc6 4. g3 d5 5. cxd5 Nxd5 6. Bg2 Nxc3 7. bxc3 f6 8.
O-O Be6 9. d3 Bd6 10. Nd2 Qd7 11. Re1 Rb8 12. Ne4 O-O 13. Nxd6 Qxd6 14. a4 Rfd8
15. Ba3 Qd7 16. Qc2 Bd5 17. f3 Qf7 18. Rab1 Na5 19. c4 Be6 20. Bc5 b6 21. Bf2
c5 22. Qc1 Nc6 23. f4 Nd4 24. fxe5 fxe5 25. Bxd4 exd4 26. Rf1 Qd7 27. Qc2 Rf8
28. Qb3 a6 29. Qa3 Bh3 30. Rxf8+ Kxf8 31. Bxh3 Qxh3 32. Rxb6 Rc8 33. Rb1 Qh5
34. Rf1+ Kg8 35. Qb2 Re8 36. Rf2 h6 37. Qd2 Re3 38. Kg2 Qg5 39. Rf3 h5 40. Rxe3
dxe3 41. Qb2 Qf6 42. Qxf6 gxf6 43. Kf3 1-0

[Event "Madrid ch Veteranos 2010"]
[Site "Madrid ESP"]
[Date "2010.02.17"]
[Round "8.19"]
[White "Cortijo Manso, Luis"]
[Black "Corredor Gonzalez, Angel L"]
[Result "0-1"]
[WhiteElo "1614"]
[BlackElo "1769"]
[PlyCount "82"]
[EventDate "2010.02.08"]
[EventType "swiss"]
[EventRounds "9"]
[EventCountry "ESP"]
[Source "lmi"]
[SourceDate "2010.02.08"]

1. e4 e5 2. Nf3 Nf6 3. Nxe5 d6 4. Nf3 Nxe4 5. Nc3 Nxc3 6. bxc3 Be7 7. Be2 O-O
8. O-O Nc6 9. d4 Bf6 10. Be3 Ne7 11. Qd2 Nd5 12. Bg5 Nxc3 13. Bxf6 Nxe2+ 14.
Qxe2 Qxf6 15. Rfe1 Be6 16. h3 a6 17. c3 Rfe8 18. Rab1 b5 19. a3 Bd7 20. Qd2
Bxh3 21. Rxe8+ Rxe8 22. Re1 Rxe1+ 23. Qxe1 Bd7 24. Qe4 c6 25. Qc2 Qe6 26. Qd3
h6 27. a4 Qf5 28. Qd1 Be6 29. Qa1 Bd5 30. Ne1 Qe4 31. axb5 axb5 32. Qc1 c5 33.
Qe3 b4 34. dxc5 dxc5 35. cxb4 cxb4 36. Qd2 b3 37. f3 Qc4 38. Qb2 Bc6 39. Qd2
Bb5 40. Qd8+ Kh7 41. Qe7 b2 0-1

[Event "Madrid ch Veteranos 2010"]
[Site "Madrid ESP"]
[Date "2010.02.17"]
[Round "8.24"]
[White "Rodriguez Lopez-Cañizares, Francisco"]
[Black "Zamora Pastora, Roger"]
[Result "1-0"]
[WhiteElo "1699"]
[BlackElo "1592"]
[PlyCount "137"]
[EventDate "2010.02.08"]
[EventType "swiss"]
[EventRounds "9"]
[EventCountry "ESP"]
[Source "lmi"]
[SourceDate "2010.02.08"]

1. e4 e6 2. d4 d5 3. Nc3 Bb4 4. Bd3 Ne7 5. a3 Bxc3+ 6. bxc3 O-O 7. e5 Nd7 8.
Qg4 Ng6 9. h4 f5 10. Qg5 Qxg5 11. Bxg5 h6 12. h5 Nh8 13. Be3 b6 14. f4 c5 15.
Rh3 c4 16. Be2 b5 17. g4 Nf7 18. g5 Nb6 19. Rb1 a6 20. Nf3 Na4 21. Kd2 Bd7 22.
Rg3 Kh8 23. Nh4 Rfc8 24. Rbg1 Rg8 25. Ng6+ Kh7 26. Ne7 Kh8 27. Nxg8 Rxg8 28.
gxh6 Nxh6 29. Rg6 Nb6 30. Bf2 Nc8 31. Bh4 Nf7 32. Bg5 Nxg5 33. R6xg5 Ne7 34. h6
g6 35. Rh1 Kh7 36. Ra1 Kxh6 37. a4 bxa4 38. Kc1 Kg7 39. Kb2 Rh8 40. Rag1 Rb8+
41. Ka3 a5 42. Rh1 Rh8 43. Rxh8 Kxh8 44. Rg1 Kg7 45. Rb1 Kf7 46. Rb7 Be8 47.
Ra7 Kf8 48. Rxa5 Kf7 49. Ra7 Kf8 50. Ra8 Kf7 51. Kb4 Bc6 52. Ra7 Be8 53. Kc5
Kf8 54. Ra8 Kf7 55. Ra7 Kf8 56. Rc7 a3 57. Ra7 Ng8 58. Rxa3 Nh6 59. Kd6 Bf7 60.
Ra8+ Kg7 61. Ra7 Ng8 62. Kc5 Nh6 63. Bxc4 dxc4 64. Kxc4 Ng4 65. Kd3 Nf2+ 66.
Ke2 Ne4 67. c4 Ng3+ 68. Kf3 Nh5 69. c5 1-0

[Event "Madrid ch Veteranos 2010"]
[Site "Madrid ESP"]
[Date "2010.02.18"]
[Round "9.1"]
[White "Carbonell Martinez, Juan"]
[Black "Lorite Cruz, Francisco"]
[Result "1/2-1/2"]
[WhiteElo "2083"]
[BlackElo "2073"]
[PlyCount "60"]
[EventDate "2010.02.08"]
[EventType "swiss"]
[EventRounds "9"]
[EventCountry "ESP"]
[Source "lmi"]
[SourceDate "2010.02.08"]

1. d4 g6 2. Nf3 Bg7 3. c4 f5 4. Nc3 Nf6 5. Bg5 O-O 6. e3 d6 7. Be2 c6 8. Qb3
Nbd7 9. h3 Qe8 10. c5+ d5 11. Bf4 Ne4 12. Bd3 Kh8 13. g4 Ndxc5 14. Qc2 Nxd3+
15. Qxd3 fxg4 16. hxg4 Bxg4 17. Nxe4 Bxf3 18. Rxh7+ Kxh7 19. Ng5+ Kg8 20. Nxf3
Qf7 21. Kd2 c5 22. Rg1 Qf5 23. Qxf5 Rxf5 24. Nh4 Rxf4 25. exf4 Bxd4 26. Nxg6
Kf7 27. f5 Rd8 28. Re1 Bf6 29. b3 c4 30. f4 b5 1/2-1/2

[Event "Madrid ch Veteranos 2010"]
[Site "Madrid ESP"]
[Date "2010.02.18"]
[Round "9.2"]
[White "Sanchez-Guijaldo Vela, Demetrio"]
[Black "Lopez Heras, Arturo"]
[Result "1-0"]
[WhiteElo "2147"]
[BlackElo "2005"]
[PlyCount "55"]
[EventDate "2010.02.08"]
[EventType "swiss"]
[EventRounds "9"]
[EventCountry "ESP"]
[Source "lmi"]
[SourceDate "2010.02.08"]

1. e4 c5 2. Nf3 d6 3. d4 cxd4 4. Nxd4 Nf6 5. f3 Nc6 6. Be3 Qb6 7. b3 e5 8. Nf5
Qa5+ 9. Bd2 Qc7 10. Ne3 Be6 11. c4 Be7 12. Nc3 O-O 13. Rc1 Qd7 14. Bd3 Nh5 15.
Ned5 Bh4+ 16. g3 Bd8 17. O-O Nd4 18. Be3 Bh3 19. Rf2 Ne6 20. Bf1 Ng5 21. Bxg5
Bxg5 22. f4 Bd8 23. f5 Nf4 24. gxf4 Bxf1 25. Kxf1 exf4 26. Nxf4 Bb6 27. Rf3 Qe7
28. Nfd5 1-0

[Event "Madrid ch Veteranos 2010"]
[Site "Madrid ESP"]
[Date "2010.02.18"]
[Round "9.3"]
[White "Estrada Martinez, Cesar"]
[Black "Martin-Consuegra Barrilero, Francisco Javier"]
[Result "1-0"]
[WhiteElo "2182"]
[BlackElo "1905"]
[PlyCount "103"]
[EventDate "2010.02.08"]
[EventType "swiss"]
[EventRounds "9"]
[EventCountry "ESP"]
[Source "lmi"]
[SourceDate "2010.02.08"]

1. Nf3 Nf6 2. c4 c6 3. d4 d5 4. e3 Bf5 5. Nc3 e6 6. Bd3 Bxd3 7. Qxd3 Be7 8. O-O
O-O 9. b3 Nbd7 10. Bb2 Re8 11. Rfe1 Qc7 12. Rac1 Rad8 13. Red1 Qb8 14. a3 a5
15. Qc2 Rc8 16. Qe2 Bf8 17. h3 h6 18. Rc2 Ne4 19. Nxe4 dxe4 20. Nd2 f5 21. f3
exf3 22. Qxf3 Bd6 23. e4 Bh2+ 24. Kh1 fxe4 25. Nxe4 Rf8 26. Qg4 Nf6 27. Nxf6+
Rxf6 28. d5 Be5 29. dxe6 Rcf8 30. Qe2 Rxe6 31. Re1 Rfe8 32. Qg4 Qd6 33. Rce2
Bxb2 34. Rxe6 Rxe6 35. Qxe6+ Qxe6 36. Rxe6 Bxa3 37. Re8+ Kf7 38. Rb8 b5 39.
cxb5 cxb5 40. Rxb5 Bb4 41. g4 Ke6 42. Kg2 Kd6 43. Kf3 Kc6 44. Rf5 Bc3 45. Ke4
Kb6 46. h4 Bb2 47. h5 Ka6 48. Rd5 Kb6 49. Kf5 Ka6 50. Kg6 Kb6 51. Rd7 Kc5 52.
Rxg7 1-0

[Event "Madrid ch Veteranos 2010"]
[Site "Madrid ESP"]
[Date "2010.02.18"]
[Round "9.4"]
[White "Fuentes Arjona, Antonio"]
[Black "Garcia Esteban, Juan Ignacio"]
[Result "1/2-1/2"]
[WhiteElo "2041"]
[BlackElo "2002"]
[PlyCount "66"]
[EventDate "2010.02.08"]
[EventType "swiss"]
[EventRounds "9"]
[EventCountry "ESP"]
[Source "lmi"]
[SourceDate "2010.02.08"]

1. e4 c5 2. Nf3 Nc6 3. d4 cxd4 4. Nxd4 Nf6 5. Nc3 g6 6. Be3 Bg7 7. Nxc6 dxc6 8.
Qxd8+ Kxd8 9. f3 Ke8 10. O-O-O Be6 11. a3 Nd7 12. Ne2 Bc4 13. Kb1 h5 14. h4 c5
15. Nc3 Bxf1 16. Rhxf1 Bxc3 17. bxc3 b6 18. f4 Rd8 19. e5 Nb8 20. Kb2 Rxd1 21.
Rxd1 Nc6 22. Kb3 e6 23. Ka4 Ke7 24. Kb5 Nb8 25. a4 Rd8 26. Rd3 Rxd3 27. cxd3
Kd7 28. a5 Kc7 29. axb6+ axb6 30. d4 cxd4 31. Bxd4 Nd7 32. c4 Kb7 33. Be3 Kc7
1/2-1/2

[Event "Madrid ch Veteranos 2010"]
[Site "Madrid ESP"]
[Date "2010.02.18"]
[Round "9.5"]
[White "Garcia Gutierrez, Jose"]
[Black "Lopez Peral, Enrique"]
[Result "1-0"]
[WhiteElo "2027"]
[BlackElo "1872"]
[PlyCount "73"]
[EventDate "2010.02.08"]
[EventType "swiss"]
[EventRounds "9"]
[EventCountry "ESP"]
[Source "lmi"]
[SourceDate "2010.02.08"]

1. e4 e5 2. d4 d6 3. Bd3 exd4 4. f4 Nc6 5. Nf3 Bg4 6. O-O Qd7 7. a3 Be7 8. Nbd2
g5 9. h3 Bxf3 10. Qxf3 gxf4 11. Qxf4 Ne5 12. Nf3 Nxd3 13. cxd3 f6 14. Nxd4
O-O-O 15. Be3 d5 16. Qf2 Bc5 17. Nf5 Bxe3 18. Qxe3 Kb8 19. Rac1 Ne7 20. Kh1
Rhe8 21. Ng7 Rf8 22. Nh5 dxe4 23. dxe4 Qe6 24. Qc3 Qe5 25. Nxf6 Qxc3 26. Rxc3
Nc6 27. Nd7+ Rxd7 28. Rxf8+ Rd8 29. Rf7 h5 30. Rh7 a6 31. Rxh5 Rd2 32. b4 Nd4
33. Rh8+ Ka7 34. Rxc7 Nc2 35. Rhh7 Ne3 36. Rxb7+ Ka8 37. Rbd7 1-0

[Event "Madrid ch Veteranos 2010"]
[Site "Madrid ESP"]
[Date "2010.02.18"]
[Round "9.6"]
[White "Moragrega Herrero, Juan Jose"]
[Black "Ortega Morales, Pedro"]
[Result "1/2-1/2"]
[WhiteElo "1981"]
[BlackElo "1791"]
[PlyCount "164"]
[EventDate "2010.02.08"]
[EventType "swiss"]
[EventRounds "9"]
[EventCountry "ESP"]
[Source "lmi"]
[SourceDate "2010.02.08"]

1. d4 Nf6 2. c4 c5 3. d5 b5 4. b3 g6 5. Bb2 Bg7 6. e4 d6 7. Bd3 O-O 8. Ne2 bxc4
9. bxc4 Nbd7 10. O-O Qb6 11. Bc3 a5 12. Na3 Ne8 13. Rb1 Qd8 14. Bxg7 Kxg7 15.
Qc2 Ne5 16. f4 Nxd3 17. Qxd3 e6 18. Ng3 exd5 19. exd5 f5 20. Nb5 Nc7 21. Qc3+
Kg8 22. a4 Ne8 23. Rfe1 Nf6 24. Re2 Ne4 25. Nxe4 fxe4 26. Qe3 Rb8 27. Rbe1 Bf5
28. h3 h5 29. Kh2 Kg7 30. Qc3+ Kh7 31. g3 Ra8 32. h4 Qb6 33. Rb2 Qd8 34. Re3
Rb8 35. Rbe2 Kh6 36. Na7 Qf6 37. Qxf6 Rxf6 38. Nb5 Rb6 39. Kg1 Rf8 40. Kf2 Kg7
41. Rb3 Rfb8 42. Ke3 Re8 43. Reb2 Reb8 44. Kd2 Kf6 45. Re3 Re8 46. Kc3 Re7 47.
Na3 Rb4 48. Nb5 Rxb2 49. Kxb2 Rb7 50. Kc3 Ke7 51. Re1 Kd7 52. Kd2 Rb8 53. Ke3
Bg4 54. Rb1 Bf5 55. Nc3 Rxb1 56. Nxb1 Ke7 57. Nc3 Bd7 58. Kxe4 Bf5+ 59. Ke3 Bc2
60. Kd2 Bb3 61. Kd3 Kf6 62. Ne4+ Ke7 63. Nc3 Kf7 64. Ke3 Bxc4 65. f5 gxf5 66.
Kf4 Kf6 67. Nb5 Bxd5 68. Nxd6 Bc6 69. Nc4 Bxa4 70. Nxa5 Bb5 71. Nb3 c4 72. Nc1
Bc6 73. Ne2 Be4 74. Nc3 Bd3 75. Ke3 Bc2 76. Kd4 Bb3 77. Nd5+ Kg6 78. Kc3 Bd1
79. Kxc4 f4 80. gxf4 Kf5 81. Ne3+ Kxf4 82. Nxd1 Kg4 1/2-1/2

[Event "Madrid ch Veteranos 2010"]
[Site "Madrid ESP"]
[Date "2010.02.18"]
[Round "9.8"]
[White "Fernandez Garcia, Ignacio"]
[Black "Pardo Robles, Jose Manuel"]
[Result "0-1"]
[WhiteElo "1905"]
[BlackElo "1888"]
[PlyCount "50"]
[EventDate "2010.02.08"]
[EventType "swiss"]
[EventRounds "9"]
[EventCountry "ESP"]
[Source "lmi"]
[SourceDate "2010.02.08"]

1. e4 c5 2. Nc3 Nc6 3. Bc4 e6 4. Nf3 d6 5. O-O a6 6. d4 b5 7. Be2 c4 8. d5 Ne5
9. Nxe5 dxe5 10. f4 b4 11. Na4 exd5 12. exd5 Bd7 13. c3 Qa5 14. b3 Bxa4 15.
bxa4 Nf6 16. fxe5 Nxd5 17. cxb4 Bxb4 18. Kh1 Nc3 19. Qc2 Nxe2 20. Qxe2 O-O 21.
e6 fxe6 22. Qxe6+ Kh8 23. Qxc4 Rxf1+ 24. Qxf1 Rf8 25. Qe2 Qe5 0-1

[Event "Madrid ch Veteranos 2010"]
[Site "Madrid ESP"]
[Date "2010.02.18"]
[Round "9.9"]
[White "Perez Cameselle, Francisco"]
[Black "Alvarez Escudero, Manuel"]
[Result "1-0"]
[WhiteElo "1943"]
[BlackElo "1838"]
[PlyCount "79"]
[EventDate "2010.02.08"]
[EventType "swiss"]
[EventRounds "9"]
[EventCountry "ESP"]
[Source "lmi"]
[SourceDate "2010.02.08"]

1. e4 e5 2. Nf3 Nc6 3. Bb5 d6 4. d4 exd4 5. Nxd4 Bd7 6. Bxc6 bxc6 7. Nc3 Nf6 8.
O-O Be7 9. Qd3 O-O 10. Bd2 c5 11. Nde2 Bc6 12. Nf4 Nd7 13. Nfd5 Ne5 14. Qe2 Rb8
15. f4 Nd7 16. b3 Nf6 17. Rae1 Re8 18. Qf3 Bf8 19. g4 Nxd5 20. exd5 Bd7 21.
Rxe8 Qxe8 22. f5 Qe5 23. Bf4 Qd4+ 24. Kg2 Re8 25. Rd1 Qb4 26. f6 gxf6 27. Rd3
Kh8 28. a3 Qb8 29. Ne4 Bg7 30. Bg3 Qc8 31. Nxf6 Bxg4 32. Nxg4 Rf8 33. Bh4 Qe8
34. Re3 Qd7 35. Bf6 Rg8 36. Kh1 h5 37. Nh6 Re8 38. Bxg7+ Kxg7 39. Nf5+ Kf8 40.
Qxh5 1-0

[Event "Madrid ch Veteranos 2010"]
[Site "Madrid ESP"]
[Date "2010.02.18"]
[Round "9.10"]
[White "Minguela Muñoz, Bienvenido"]
[Black "Alfageme Sanchez, Jesus"]
[Result "1-0"]
[WhiteElo "1900"]
[BlackElo "1825"]
[PlyCount "67"]
[EventDate "2010.02.08"]
[EventType "swiss"]
[EventRounds "9"]
[EventCountry "ESP"]
[Source "lmi"]
[SourceDate "2010.02.08"]

1. Nf3 Nc6 2. d4 d5 3. c4 e6 4. Nc3 Nf6 5. Bg5 Be7 6. e3 h6 7. Bh4 Nh7 8. Bxe7
Nxe7 9. Ne5 c6 10. Bd3 Nf6 11. c5 Nd7 12. f4 Nxe5 13. fxe5 Nf5 14. Bxf5 exf5
15. O-O Be6 16. b4 a6 17. Qf3 Qd7 18. Ne2 Qe7 19. Qg3 g6 20. Nf4 Qg5 21. Qf2
Qe7 22. h4 g5 23. Nh5 O-O-O 24. Nf6 Kc7 25. h5 g4 26. g3 Qf8 27. a4 Qg7 28. Qd2
Ra8 29. b5 axb5 30. axb5 Rhb8 31. b6+ Kd8 32. Ra7 Ke7 33. Rfa1 Qf8 34. Qa5 1-0

[Event "Madrid ch Veteranos 2010"]
[Site "Madrid ESP"]
[Date "2010.02.18"]
[Round "9.13"]
[White "Beekhof Harmsen, Willen"]
[Black "Benito Alba, Eladio"]
[Result "1-0"]
[WhiteElo "1849"]
[BlackElo "1804"]
[PlyCount "77"]
[EventDate "2010.02.08"]
[EventType "swiss"]
[EventRounds "9"]
[EventCountry "ESP"]
[Source "lmi"]
[SourceDate "2010.02.08"]

1. d4 d5 2. Nf3 Nf6 3. Nc3 Bf5 4. Bf4 c6 5. e3 e6 6. Be2 Bd6 7. Ne5 Qc7 8. g4
Be4 9. f3 Bg6 10. Nxg6 hxg6 11. Bxd6 Qxd6 12. f4 Nbd7 13. Qd2 Rh4 14. g5 Ne4
15. Nxe4 dxe4 16. O-O-O O-O-O 17. c4 Rdh8 18. Bf1 f5 19. h3 Kb8 20. Qc3 Qe7 21.
Kb1 Rc8 22. Qb3 Rhh8 23. c5 Ka8 24. Bc4 Rhe8 25. h4 b5 26. Be2 Qf7 27. Rh3 Rh8
28. Rdh1 Rcg8 29. R1h2 Nb8 30. Qd1 Qe8 31. Qh1 Na6 32. h5 gxh5 33. Bxh5 Qf8 34.
Be8 Rxh3 35. Bxc6+ Kb8 36. Rxh3 Nc7 37. Qe1 a6 38. Qa5 Qf7 39. Qb6+ 1-0

[Event "Madrid ch Veteranos 2010"]
[Site "Madrid ESP"]
[Date "2010.02.18"]
[Round "9.14"]
[White "Osorio Ramos, Francisco"]
[Black "Ramos Orea, Tomas"]
[Result "1-0"]
[WhiteElo "1944"]
[BlackElo "1715"]
[PlyCount "65"]
[EventDate "2010.02.08"]
[EventType "swiss"]
[EventRounds "9"]
[EventCountry "ESP"]
[Source "lmi"]
[SourceDate "2010.02.08"]

1. Nf3 d5 2. d4 Bf5 3. c4 e6 4. Nc3 Nf6 5. Bg5 c6 6. e3 Be7 7. Bd3 Bxd3 8. Qxd3
Nbd7 9. O-O O-O 10. Rfd1 Ne8 11. Bf4 dxc4 12. Qxc4 Nb6 13. Qb3 g5 14. Bg3 Ng7
15. h3 Nf5 16. Be5 Bf6 17. Bxf6 Qxf6 18. Ne4 Qg6 19. Nexg5 Kh8 20. g4 Nh4 21.
Nxh4 Qxg5 22. Nf3 Qf6 23. e4 Rg8 24. Qe3 Qg7 25. Rac1 Nd7 26. Kf1 Nf6 27. Ke2
Qf8 28. Rc5 Nd7 29. Rg5 Qb4 30. Rxg8+ Rxg8 31. Qc3 Qb5+ 32. Ke1 Rg6 33. d5+ 1-0

[Event "Madrid ch Veteranos 2010"]
[Site "Madrid ESP"]
[Date "2010.02.18"]
[Round "9.15"]
[White "Gonzalo Gonzalez, Francisco"]
[Black "Hernandez Del Can, Jose"]
[Result "1-0"]
[WhiteElo "1761"]
[BlackElo "1820"]
[PlyCount "55"]
[EventDate "2010.02.08"]
[EventType "swiss"]
[EventRounds "9"]
[EventCountry "ESP"]
[Source "lmi"]
[SourceDate "2010.02.08"]

1. e4 c5 2. Nf3 d6 3. c3 e6 4. d4 cxd4 5. cxd4 a6 6. Bd3 Nf6 7. e5 dxe5 8. dxe5
Nd5 9. O-O Nc6 10. Re1 Ndb4 11. Be4 Be7 12. Qe2 O-O 13. a3 Nd5 14. Rd1 Qa5 15.
Bd2 Qc7 16. Qd3 g6 17. h4 Nxe5 18. Nxe5 Qxe5 19. Nc3 Bxh4 20. Nxd5 exd5 21.
Bxd5 Bf5 22. Qf3 h5 23. Bc3 Qc7 24. Rd4 Bg4 25. Qe3 Rfe8 26. Qh6 Bf6 27. Qxg6+
Bg7 28. Rxg4 1-0

[Event "Madrid ch Veteranos 2010"]
[Site "Madrid ESP"]
[Date "2010.02.18"]
[Round "9.16"]
[White "Martinez Miura, Enrique"]
[Black "Pardiñas Riaño, Emilio"]
[Result "1/2-1/2"]
[WhiteElo "1724"]
[BlackElo "1801"]
[PlyCount "24"]
[EventDate "2010.02.08"]
[EventType "swiss"]
[EventRounds "9"]
[EventCountry "ESP"]
[Source "lmi"]
[SourceDate "2010.02.08"]

1. e4 c5 2. c4 d6 3. Nc3 g6 4. g3 Bg7 5. Bg2 Nf6 6. Nge2 O-O 7. O-O Nc6 8. d3
e6 9. f4 a6 10. Rb1 Qc7 11. h3 Bd7 12. Be3 h6 1/2-1/2

[Event "Madrid ch Veteranos 2010"]
[Site "Madrid ESP"]
[Date "2010.02.18"]
[Round "9.18"]
[White "Olano Lanchas, Dionisio"]
[Black "Tome Salvador, Jose Antonio"]
[Result "1/2-1/2"]
[WhiteElo "1822"]
[BlackElo "1739"]
[PlyCount "102"]
[EventDate "2010.02.08"]
[EventType "swiss"]
[EventRounds "9"]
[EventCountry "ESP"]
[Source "lmi"]
[SourceDate "2010.02.08"]

1. e4 e5 2. Bc4 Nf6 3. Nc3 Nc6 4. a3 d6 5. Nf3 Be7 6. h3 Be6 7. Qe2 O-O 8. Bb5
Bd7 9. Bc4 Be6 10. Nd5 a6 11. a4 h6 12. c3 Re8 13. d3 Bf8 14. Be3 Rb8 15. b4
Bxd5 16. Bxd5 Nxd5 17. exd5 Ne7 18. c4 c6 19. dxc6 Nxc6 20. Qb2 d5 21. c5 d4
22. Bd2 e4 23. dxe4 Rxe4+ 24. Kf1 b6 25. cxb6 Qxb6 26. g3 Bxb4 27. Rb1 Bc5 28.
Qxb6 Rxb6 29. Rxb6 Bxb6 30. Kg2 Ba5 31. Rc1 Bc3 32. Bxc3 dxc3 33. Rxc3 Ne5 34.
Ra3 Nxf3 35. Kxf3 Rb4 36. h4 h5 37. a5 Rb5 38. Kf4 g6 39. Ke4 Kf8 40. Kd4 f5
41. Ke3 Kf7 42. Kf4 Kf6 43. Rd3 Rb4+ 44. Kf3 Re4 45. Rd6+ Re6 46. Rxe6+ Kxe6
47. Kf4 Kf6 48. f3 Ke6 49. Ke3 Ke5 50. Kd3 Kd5 51. Ke3 Ke5 1/2-1/2

[Event "Madrid ch Veteranos 2010"]
[Site "Madrid ESP"]
[Date "2010.02.18"]
[Round "9.19"]
[White "Fernandez- Bujarrabal, Pedro"]
[Black "Rodriguez Lopez-Cañizares, Francisco"]
[Result "1-0"]
[WhiteElo "1804"]
[BlackElo "1699"]
[PlyCount "63"]
[EventDate "2010.02.08"]
[EventType "swiss"]
[EventRounds "9"]
[EventCountry "ESP"]
[Source "lmi"]
[SourceDate "2010.02.08"]

1. e4 Nf6 2. Nc3 d5 3. exd5 Nxd5 4. Nxd5 Qxd5 5. Qf3 Qc5 6. c3 Nc6 7. d4 Qf5 8.
Bd3 Qxf3 9. Nxf3 Bg4 10. Be2 e6 11. h3 Bh5 12. Bf4 Bd6 13. Bh2 O-O 14. Kd2 Ne7
15. g4 Bg6 16. Rae1 Rfe8 17. Bf1 Bxh2 18. Rxh2 Nd5 19. Ne5 Ne7 20. h4 h6 21.
Nxg6 Nxg6 22. g5 e5 23. dxe5 Nxe5 24. Kc2 Nf3 25. Rxe8+ Rxe8 26. Rh3 Ng1 27.
Rd3 hxg5 28. hxg5 Re1 29. Rd8+ Kh7 30. Bd3+ g6 31. Rd7 Kg7 32. Bc4 1-0

[Event "Madrid ch Veteranos 2010"]
[Site "Madrid ESP"]
[Date "2010.02.18"]
[Round "9.22"]
[White "Aburto Renovales, Rafael"]
[Black "Zamora Pastora, Roger"]
[Result "0-1"]
[WhiteElo "1535"]
[BlackElo "1592"]
[PlyCount "76"]
[EventDate "2010.02.08"]
[EventType "swiss"]
[EventRounds "9"]
[EventCountry "ESP"]
[Source "lmi"]
[SourceDate "2010.02.08"]

1. d4 Nf6 2. c4 c5 3. d5 d6 4. Nc3 g6 5. Nf3 Bg7 6. e4 Nbd7 7. h3 O-O 8. Be2 a6
9. O-O Qc7 10. Bd2 Rd8 11. Qc1 Ne5 12. Nxe5 dxe5 13. Be3 b6 14. Qc2 Bd7 15. f4
Bh6 16. Qd2 Bxf4 17. Bxf4 exf4 18. Rxf4 Qe5 19. Raf1 Qd6 20. Qe3 Qe5 21. b3
Rac8 22. Na4 Bxa4 23. bxa4 Rd6 24. g4 Kg7 25. Kh1 h6 26. Rb1 Rb8 27. Kg1 Nh7
28. Rbf1 Rf6 29. Rxf6 Nxf6 30. Bd3 Rd8 31. Rb1 Rd6 32. Kg2 Nh7 33. Rf1 Rf6 34.
Re1 g5 35. Re2 Rf4 36. Kg3 Rf1+ 37. Kg2 Rf4 38. Rb2 Qxb2+ 0-1